Christian democratic parties in Belgium / by Lieven de Winter
Descripción Física:
52 p. ; 21 cm
MARC
| LEADER | 00000nam a2200000Ia 4500 | ||
|---|---|---|---|
| 001 | 16380 | ||
| 008 | 160829s1990 xx 000 0 cat d | ||
| 080 | |a M-5-15 | ||
| 100 | 1 | |a Winter, Lieven de |9 25677 | |
| 245 | |a Christian democratic parties in Belgium / by Lieven de Winter | ||
| 260 | |a Barcelona : |b Institut de Ciències Polítiques i Socials, |c 1990 | ||
| 300 | |a 52 p. ; |c 21 cm | ||
| 650 | |a Democràcia cristiana |x Bèlgica |9 25678 | ||
| 650 | |a Parti Social Chrétien |9 25679 | ||
| 650 | |a Christelijke Volkspatij |9 25680 | ||
| 710 | 2 | |a Institut de Ciències Polítiques i Socials (Barcelona, Catalunya) |9 55871 | |
| 901 | |a Arxiu | ||
| 942 | |n 1 | ||
| 952 | |0 0 |1 0 |4 0 |6 M515 |7 1 |9 43731 |a Arxiu |b Arxiu |d 2016-12-01 |l 0 |o M-5-15 |p 16380 |r 2016-12-01 00:00:00 |w 2016-12-01 |y ARXIU | ||
| 999 | |c 46279 |d 46279 | ||